Statistiques concernant Focus sur: Elanor Gamegie - Tolkien

Cliquez ici pour prendre le quiz!

Statistiques générales

  • Ce quiz a été pris 12 fois
  • Le résultat moyen est 12 sur 29

Statistiques - réponses

Informations recherchéesRéponses% Correct
Couleur des cheveuxBlond
100%
ContréeComté
100%
DemeureCul-de-Sac
100%
EspèceHobbit
100%
Première apparitionLe Seigneur des Anneaux: Le Retour du Roi
100%
PèreSamsagace Gamegie
100%
Age durant lequel elle vécutTroisième/Quatrième
100%
VillesHobbiteville
75%
MèreRosie Chaumine
67%
FrèresFrodon
58%
Merry
58%
Pippin
50%
Bilbon
33%
Dame d'honneur d'Arwen
33%
SurnomElanor la {Toute}-{Belle}
33%
Sous-les-Tours
25%
SœursRose
17%
Boucles-d'Or
8%
Daisy
8%
Hamfast
8%
Ruby
8%
Actrice l'interprétant dans les filmsAlexandra Astin
0%
FilsElfstan Bellenfant des Tours
0%
EpouxFastred
0%
FilleFíriel Bellenfant des Tours
0%
TitresGardienne du Livre rouge de la Marche de l'Ouest
0%
Primrose
0%
Robin
0%
Tolman
0%

Distribution des résultats

Percentile par nombre de réponses

% des personnes avec chaque résultat

Votre développement - résultats

Vous n’avez pas pris ce quiz